| 000 | 00436nam a22001577a 4500 | ||
|---|---|---|---|
| 003 | OSt | ||
| 005 | 20250924144530.0 | ||
| 008 | 250924b |||||||| |||| 00| 0 eng d | ||
| 040 | _c0 | ||
| 100 |
_aDavao, Pia. _eauthor. _968088 |
||
| 245 |
_aDavao eyes opportunities in golf tourism / _cPia Davao. |
||
| 260 |
_aDavao City ; _bSunStar Davao , _cSeptember 16, 2025. |
||
| 300 | _a2 pages. | ||
| 650 | 0 |
_aTourism. _929187 |
|
| 942 |
_2ddc _cPER |
||
| 999 |
_c23869 _d23869 |
||